Christ and migrants : (Record no. 7146)
[ view plain ]
| 000 -LEADER | |
|---|---|
| fixed length control field | 00740nam a22002177a 4500 |
| 003 - CONTROL NUMBER IDENTIFIER | |
| control field | GBCCL |
| 005 - DATE AND TIME OF LATEST TRANSACTION | |
| control field | 20241126110621.0 |
| 008 - FIXED-LENGTH DATA ELEMENTS--GENERAL INFORMATION | |
| fixed length control field | 180713b ||||| |||| 00| 0 eng d |
| 020 ## - INTERNATIONAL STANDARD BOOK NUMBER | |
| International Standard Book Number | 9789385194894 |
| 020 ## - INTERNATIONAL STANDARD BOOK NUMBER | |
| International Standard Book Number | 9385194895 |
| 040 ## - CATALOGING SOURCE | |
| Transcribing agency | gbc |
| 082 ## - DEWEY DECIMAL CLASSIFICATION NUMBER | |
| Classification number | 261.8 |
| Item number | MAN |
| 100 ## - MAIN ENTRY--PERSONAL NAME | |
| Personal name | Manokaran, J N |
| 9 (RLIN) | 12640 |
| 245 ## - TITLE STATEMENT | |
| Title | Christ and migrants : |
| Remainder of title | Biblical understanding of migration, missional response to migration/ |
| Statement of responsibility, etc. | J N Manokaran |
| 260 ## - PUBLICATION, DISTRIBUTION, ETC. | |
| Place of publication, distribution, etc. | Hyderabad : |
| Name of publisher, distributor, etc. | GS Books, |
| Date of publication, distribution, etc. | 2017. |
| 300 ## - PHYSICAL DESCRIPTION | |
| Extent | 207 pages ; |
| Dimensions | 22 cm |
| 650 ## - SUBJECT ADDED ENTRY--TOPICAL TERM | |
| Topical term or geographic name entry element | Emigration and immigration in the Bible. |
| 9 (RLIN) | 12641 |
| 650 ## - SUBJECT ADDED ENTRY--TOPICAL TERM | |
| Topical term or geographic name entry element | Emigration and immigration -- Religious aspects -- Christianity. |
| 9 (RLIN) | 12642 |
| 650 ## - SUBJECT ADDED ENTRY--TOPICAL TERM | |
| Topical term or geographic name entry element | Church work with immigrants. |
| 9 (RLIN) | 12643 |
| 942 ## - ADDED ENTRY ELEMENTS (KOHA) | |
| Source of classification or shelving scheme | Dewey Decimal Classification |
| Koha item type | Books |
| Koha issues (borrowed), all copies | 31 |
| Withdrawn status | Lost status | Source of classification or shelving scheme | Damaged status | Not for loan | Home library | Current Library | Shelving location | Date acquired | Total checkouts | Full call number | Barcode | Date last seen | Date last checked out | Copy number | Price effective from | Koha item type | Total renewals | Source of acquisition | Cost, normal purchase price | Cost, replacement price |
|---|---|---|---|---|---|---|---|---|---|---|---|---|---|---|---|---|---|---|---|---|
| Dewey Decimal Classification | GRACE BIBLE COLLEGE | GRACE BIBLE COLLEGE | Ministry & Mission | 2018-07-13 | 5 | 261.8 MAN | 014680 | 2025-05-01 | 2022-09-28 | c.1 | 2018-07-13 | Books | ||||||||
| Dewey Decimal Classification | GRACE BIBLE COLLEGE | GRACE BIBLE COLLEGE | Ministry & Mission | 2018-07-13 | 8 | 261.8 MAN | 014681 | 2025-05-01 | 2022-09-30 | c.2 | 2018-07-13 | Books | 1 | |||||||
| Dewey Decimal Classification | GRACE BIBLE COLLEGE | GRACE BIBLE COLLEGE | Ministry & Mission | 2019-08-05 | 5 | 261.8 MAN | 014386 | 2025-05-01 | 2022-10-04 | c.3 | 2019-08-05 | Books | 9 | 180.00 | 180.00 | |||||
| Dewey Decimal Classification | GRACE BIBLE COLLEGE | GRACE BIBLE COLLEGE | Ministry & Mission | 2019-08-05 | 5 | 261.8 MAN | 014387 | 2025-05-01 | 2022-09-28 | c.4 | 2019-08-05 | Books | 9 | 180.00 | 180.00 | |||||
| Dewey Decimal Classification | GRACE BIBLE COLLEGE | GRACE BIBLE COLLEGE | Ministry & Mission | 2019-08-05 | 8 | 261.8 MAN | 014388 | 2025-05-01 | 2022-10-12 | c.5 | 2019-08-05 | Books | 9 | 180.00 | 180.00 |